000
00247nam a2200097Ia 4500
001
712703
005
20250826162832.0
008
250824s9999 xx 000 0 und d
245
0
_a
VECİZ SÖZLER
_c
SULTAN VELED
260
_b
KARATAY AKADEMİ YAYINLARI
999
_c
712703
_d
712703